000 00531nam a22002177a 4500
003 UA-OsUOA
001 38140
007 ta
008 20060427b un ||||| |||| 00| 0 ukr d
100 _aКоханець Людмила
090 _a32
_bК11
942 _cSA
040 _aUA-OsUOA
_bukr
_cUA-OsUOA
_dUA-OsUOA
245 _aІ від СБУ він утік. І від ГБУ заховався
300 _a7 с.
955 _a0
041 _aukr
080 _a32
773 0 _w38138
650 7 _a32 Політика
_2UDC
999 _c324308
_d324308